000 00317 a2200133 4500
001 65559
040 _cAnchieta - Pituba
100 _aBenício
240 1 0 _a1ª Avaliação de Matemática, 7º ano
_lpor
245 1 0 _a1ª Avaliação de Matemática, 7º ano
362 0 _a2018
650 4 _aMatemática
942 _cBK
999 _c65559
_d65559